[Event "Grand Swiss "]
[Date "2025.09.13"]
[White "Hovhannisyan, Robert"]
[Black "Samunenkov, Ihor"]
[WhiteElo "2629"]
[BlackElo "2550"]
[Round "8.8.43"]
[Result "1/2-1/2"]

1. e4 {[%clk 01:40:57] [%emt 00:00:03]} e5 {[%clk 01:40:53] [%emt 00:00:07]} 2.
Nf3 {[%clk 01:41:20] [%emt 00:00:07]} Nf6 {[%clk 01:41:16] [%emt 00:00:07]} 3.
Nxe5 {[%clk 01:41:24] [%emt 00:00:26]} d6 {[%clk 01:41:39] [%emt 00:00:07]} 4.
Nf3 {[%clk 01:41:48] [%emt 00:00:07]} Nxe4 {[%clk 01:42:02] [%emt 00:00:07]} 5.
Qe2 {[%clk 01:41:49] [%emt 00:00:28]} Qe7 {[%clk 01:42:22] [%emt 00:00:10]} 6.
Nc3 {[%clk 01:42:05] [%emt 00:00:15]} Nxc3 {[%clk 01:42:34] [%emt 00:00:18]} 7.
dxc3 {[%clk 01:42:29] [%emt 00:00:06]} Qxe2+ {[%clk 01:42:37] [%emt 00:00:26]}
8. Bxe2 {[%clk 01:42:53] [%emt 00:00:07]} Nc6 {[%clk 01:43:00] [%emt 00:00:07]}
9. Be3 {[%clk 01:43:03] [%emt 00:00:19]} Be7 {[%clk 01:42:29] [%emt 00:01:01]}
10. Nd4 {[%clk 01:42:38] [%emt 00:00:56]} Bd7 {[%clk 01:40:25] [%emt 00:02:34]}
11. a4 {[%clk 01:40:01] [%emt 00:03:07]} a6 {[%clk 01:39:10] [%emt 00:01:45]}
12. Nxc6 {[%clk 01:35:56] [%emt 00:04:35]} Bxc6 {[%clk 01:39:24] [%emt
00:00:15]} 13. f3 {[%clk 01:36:08] [%emt 00:00:18]} Bh4+ {[%clk 01:36:00] [%emt
00:03:54]} 14. g3 {[%clk 01:31:24] [%emt 00:05:14]} Bf6 {[%clk 01:36:12] [%emt
00:00:17]} 15. Kf2 {[%clk 01:27:44] [%emt 00:04:11]} O-O {[%clk 01:22:33] [%emt
00:14:09]} 16. a5 {[%clk 01:19:08] [%emt 00:09:06]} Rfe8 {[%clk 01:21:02] [%emt
00:02:00]} 17. h4 {[%clk 01:11:14] [%emt 00:08:24]} Be5 {[%clk 01:15:55] [%emt
00:05:37]} 18. Rhg1 {[%clk 01:07:27] [%emt 00:04:17]} Re7 {[%clk 01:13:54] [%emt
00:02:31]} 19. Bd3 {[%clk 01:01:13] [%emt 00:06:45]} Rae8 {[%clk 01:10:36] [%emt
00:03:47]} 20. Rae1 {[%clk 00:47:30] [%emt 00:14:13]} Bf6 {[%clk 01:04:34] [%emt
00:06:31]} 21. Bd2 {[%clk 00:36:55] [%emt 00:11:06]} Re5 {[%clk 01:00:51] [%emt
00:04:12]} 22. Rxe5 {[%clk 00:34:42] [%emt 00:02:44]} Rxe5 {[%clk 01:01:07]
[%emt 00:00:14]} 23. Ra1 {[%clk 00:32:48] [%emt 00:02:24]} h6 {[%clk 00:58:09]
[%emt 00:03:28]} 24. Be3 {[%clk 00:30:47] [%emt 00:02:31]} Re6 {[%clk 00:54:52]
[%emt 00:03:46]} 25. Rb1 {[%clk 00:24:35] [%emt 00:06:43]} Be5 {[%clk 00:52:45]
[%emt 00:02:38]} 26. Rg1 {[%clk 00:23:01] [%emt 00:02:03]} Kf8 {[%clk 00:47:23]
[%emt 00:05:53]} 27. f4 {[%clk 00:15:02] [%emt 00:08:29]} Bf6 {[%clk 00:47:42]
[%emt 00:00:10]} 28. h5 {[%clk 00:15:11] [%emt 00:00:20]} Be4 {[%clk 00:45:02]
[%emt 00:03:10]} 29. Ra1 {[%clk 00:13:43] [%emt 00:01:58]} Bd5 {[%clk 00:37:57]
[%emt 00:07:35]} 30. Ra3 {[%clk 00:12:28] [%emt 00:01:44]} Ke8 {[%clk 00:36:39]
[%emt 00:01:48]} 31. c4 {[%clk 00:10:38] [%emt 00:02:21]} Be4 {[%clk 00:34:14]
[%emt 00:02:54]} 32. b4 {[%clk 00:05:50] [%emt 00:05:18]} d5 {[%clk 00:30:47]
[%emt 00:03:58]} 33. cxd5 {[%clk 00:04:48] [%emt 00:01:32]} Bxd5 {[%clk
00:31:10] [%emt 00:00:06]} 34. b5 {[%clk 00:02:29] [%emt 00:02:50]} Bb2 {[%clk
00:23:18] [%emt 00:08:21]} 35. Ra4 {[%clk 00:02:41] [%emt 00:00:19]} axb5 {[%clk
00:23:42] [%emt 00:00:05]} 36. Bxb5+ {[%clk 00:02:11] [%emt 00:01:00]} c6 {[%clk
00:24:07] [%emt 00:00:05]} 37. Bd3 {[%clk 00:02:06] [%emt 00:00:35]} Bc3 {[%clk
00:23:52] [%emt 00:00:46]} 38. g4 {[%clk 00:00:43] [%emt 00:01:53]} Kf8 {[%clk
00:21:00] [%emt 00:03:21]} 39. a6 {[%clk 00:00:39] [%emt 00:00:34]} bxa6 {[%clk
00:21:21] [%emt 00:00:08]} 40. Rxa6 {[%clk 00:00:36] [%emt 00:00:34]} Re8 {[%clk
00:21:30] [%emt 00:00:21]} 41. Ra4 {[%clk 00:44:46] [%emt 00:06:18]} Be6 {[%clk
00:48:39] [%emt 00:23:22]} 42. Bf5 {[%clk 00:38:20] [%emt 00:06:56]} Bd5 {[%clk
00:46:19] [%emt 00:02:50]} 43. Ke2 {[%clk 00:30:07] [%emt 00:08:43]} Bf6 {[%clk
00:42:31] [%emt 00:04:17]} 44. Kd3 {[%clk 00:18:03] [%emt 00:12:33]} Bf3 {[%clk
00:40:17] [%emt 00:02:45]} 45. Bc5+ {[%clk 00:17:17] [%emt 00:01:17]} Be7 {[%clk
00:36:53] [%emt 00:03:54]} 46. Bb6 {[%clk 00:16:02] [%emt 00:01:43]} Bd6 {[%clk
00:33:32] [%emt 00:03:51]} 47. Rd4 {[%clk 00:13:22] [%emt 00:03:11]} Ke7 {[%clk
00:23:23] [%emt 00:10:39]} 48. Ra4 {[%clk 00:13:27] [%emt 00:00:26]} Kf8 {[%clk
00:23:13] [%emt 00:00:39]} 49. Rd4 {[%clk 00:13:49] [%emt 00:00:08]} Ke7 {[%clk
00:23:37] [%emt 00:00:06]} 50. Ke3 {[%clk 00:13:21] [%emt 00:00:59]} Bh1 {[%clk
00:15:54] [%emt 00:08:13]} 51. Ra4 {[%clk 00:09:55] [%emt 00:03:56]} Rb8 {[%clk
00:14:34] [%emt 00:01:49]} 52. Bd4 {[%clk 00:09:31] [%emt 00:00:54]} Kf8 {[%clk
00:14:14] [%emt 00:00:50]} 53. Kf2 {[%clk 00:08:37] [%emt 00:01:24]} Rb4 {[%clk
00:13:43] [%emt 00:01:01]} 54. Ra8+ {[%clk 00:07:47] [%emt 00:01:20]} Rb8 {[%clk
00:13:54] [%emt 00:00:18]} 55. Rxb8+ {[%clk 00:05:03] [%emt 00:03:14]} Bxb8
{[%clk 00:14:18] [%emt 00:00:06]} 56. Bc5+ {[%clk 00:05:12] [%emt 00:00:22]} Ke8
{[%clk 00:08:48] [%emt 00:05:59]} 57. Ke3 {[%clk 00:05:37] [%emt 00:00:05]} Bc7
{[%clk 00:07:58] [%emt 00:01:20]} 58. Be4 {[%clk 00:04:49] [%emt 00:01:19]} Bxe4
{[%clk 00:08:22] [%emt 00:00:06]} 59. Kxe4 {[%clk 00:05:15] [%emt 00:00:03]} f6
{[%clk 00:05:57] [%emt 00:02:55]} 60. Bb4 {[%clk 00:03:09] [%emt 00:02:36]} Kf7
{[%clk 00:05:26] [%emt 00:01:00]} 61. Kf5 {[%clk 00:01:43] [%emt 00:01:57]} Bb8
{[%clk 00:04:54] [%emt 00:01:02]} 62. Bc3 {[%clk 00:01:14] [%emt 00:01:00]} Bd6
{[%clk 00:05:10] [%emt 00:00:13]} 63. Bd4 {[%clk 00:00:55] [%emt 00:00:51]} Be7
{[%clk 00:05:14] [%emt 00:00:25]} 64. Be3 {[%clk 00:00:35] [%emt 00:00:50]} Bd6
{[%clk 00:05:32] [%emt 00:00:13]} 65. Ke4 {[%clk 00:15:04] [%emt 00:01:01]} Ke6
{[%clk 00:20:29] [%emt 00:00:32]} 66. f5+ {[%clk 00:14:44] [%emt 00:00:50]} Kd7
{[%clk 00:18:22] [%emt 00:02:37]} 67. Kd4 {[%clk 00:14:55] [%emt 00:00:20]} Ke8
{[%clk 00:16:59] [%emt 00:01:53]} 68. Kc4 {[%clk 00:14:50] [%emt 00:00:36]} Be7
{[%clk 00:16:40] [%emt 00:00:48]} 69. Bb6 {[%clk 00:14:22] [%emt 00:00:57]} Bd6
{[%clk 00:15:37] [%emt 00:01:34]} 70. Kb3 {[%clk 00:14:44] [%emt 00:00:09]} Be7
{[%clk 00:13:35] [%emt 00:02:32]} 71. Ka4 {[%clk 00:14:41] [%emt 00:00:33]} Bd6
{[%clk 00:14:00] [%emt 00:00:05]} 72. Ka5 {[%clk 00:15:04] [%emt 00:00:08]} Kd7
{[%clk 00:14:11] [%emt 00:00:18]} 73. Ka6 {[%clk 00:14:27] [%emt 00:01:07]} Be7
{[%clk 00:14:07] [%emt 00:00:35]} 74. Kb7 {[%clk 00:14:11] [%emt 00:00:46]} Bb4
{[%clk 00:06:09] [%emt 00:08:27]} 75. Bc7 {[%clk 00:14:29] [%emt 00:00:12]} Bc3
{[%clk 00:06:17] [%emt 00:00:22]} 76. Bf4 {[%clk 00:14:08] [%emt 00:00:51]} Bb4
{[%clk 00:05:13] [%emt 00:01:35]} 77. Bc1 {[%clk 00:14:23] [%emt 00:00:15]} Bc5
{[%clk 00:03:30] [%emt 00:02:13]} 78. Bd2 {[%clk 00:14:40] [%emt 00:00:12]} Ba3
{[%clk 00:03:40] [%emt 00:00:20]} 79. Ba5 {[%clk 00:12:32] [%emt 00:02:38]} Kd6
{[%clk 00:03:38] [%emt 00:00:32]} 80. Bd2 {[%clk 00:11:02] [%emt 00:02:00]} Kd5
{[%clk 00:02:44] [%emt 00:01:25]} 81. Kc7 {[%clk 00:06:57] [%emt 00:04:36]} Ke4
{[%clk 00:03:08] [%emt 00:00:05]} 82. Kd7 {[%clk 00:03:52] [%emt 00:03:35]} Kf3
{[%clk 00:03:32] [%emt 00:00:06]} 83. Ke6 {[%clk 00:04:16] [%emt 00:00:05]} Kxg4
{[%clk 00:03:57] [%emt 00:00:05]} 84. Kf7 {[%clk 00:04:45] [%emt 00:00:02]} Kxh5
{[%clk 00:03:52] [%emt 00:00:34]} 85. Kxg7 {[%clk 00:05:11] [%emt 00:00:04]} Kg4
{[%clk 00:04:14] [%emt 00:00:08]} 86. Kxf6 {[%clk 00:05:23] [%emt 00:00:18]} h5
{[%clk 00:04:40] [%emt 00:00:05]} 87. Ba5 {[%clk 00:02:56] [%emt 00:02:55]} h4
{[%clk 00:03:15] [%emt 00:01:56]} 88. Ke6 {[%clk 00:01:51] [%emt 00:01:36]} h3
{[%clk 00:03:01] [%emt 00:00:44]} 89. Bc7 {[%clk 00:02:18] [%emt 00:00:04]} Bb2
{[%clk 00:01:15] [%emt 00:02:15]} 90. c4 {[%clk 00:00:36] [%emt 00:02:12]} Kf3
{[%clk 00:01:06] [%emt 00:00:39]} 91. f6 {[%clk 00:00:41] [%emt 00:00:25]} Bxf6
{[%clk 00:01:15] [%emt 00:00:20]} 92. Kxf6 {[%clk 00:01:09] [%emt 00:00:02]} Ke4
{[%clk 00:01:38]} 1/2-1/2

[Site "Europe Echecs"]

[Event "Grand Swiss "]
[Date "2025.09.13"]
[White "Jobava, Baadur"]
[Black "Volokitin, Andrei"]
[WhiteElo "2590"]
[BlackElo "2628"]
[Round "8.8.44"]
[Result "0-1"]

1. e4 {[%clk 01:40:47] [%emt 00:00:12]} c5 {[%clk 01:40:52] [%emt 00:00:08]} 2.
c3 {[%clk 01:40:55] [%emt 00:00:22]} Nf6 {[%clk 01:41:14] [%emt 00:00:08]} 3. e5
{[%clk 01:41:03] [%emt 00:00:22]} Nd5 {[%clk 01:41:38] [%emt 00:00:06]} 4. g3
{[%clk 01:41:19] [%emt 00:00:14]} d6 {[%clk 01:41:49] [%emt 00:00:19]} 5. exd6
{[%clk 01:41:42] [%emt 00:00:07]} e6 {[%clk 01:42:12] [%emt 00:00:07]} 6. Bg2
{[%clk 01:42:02] [%emt 00:00:10]} Bxd6 {[%clk 01:42:28] [%emt 00:00:14]} 7. Nf3
{[%clk 01:42:08] [%emt 00:00:25]} Nc6 {[%clk 01:39:34] [%emt 00:03:23]} 8. O-O
{[%clk 01:38:43] [%emt 00:03:54]} O-O {[%clk 01:37:56] [%emt 00:02:08]} 9. d4
{[%clk 01:39:02] [%emt 00:00:11]} cxd4 {[%clk 01:36:41] [%emt 00:01:45]} 10.
Nxd4 {[%clk 01:39:26] [%emt 00:00:06]} Nxd4 {[%clk 01:33:43] [%emt 00:03:29]}
11. Qxd4 {[%clk 01:39:48] [%emt 00:00:07]} Qc7 {[%clk 01:33:59] [%emt 00:00:14]}
12. c4 {[%clk 01:40:05] [%emt 00:00:14]} Nf6 {[%clk 01:29:16] [%emt 00:05:12]}
13. Nc3 {[%clk 01:37:39] [%emt 00:02:57]} Bd7 {[%clk 01:29:39] [%emt 00:00:07]}
14. Nb5 {[%clk 01:38:02] [%emt 00:00:07]} Bxb5 {[%clk 01:30:00] [%emt 00:00:09]}
15. cxb5 {[%clk 01:38:27] [%emt 00:00:05]} Be5 {[%clk 01:25:25] [%emt 00:05:05]}
16. Qe3 {[%clk 01:37:14] [%emt 00:01:43]} Nd5 {[%clk 01:04:27] [%emt 00:21:29]}
17. Qb3 {[%clk 01:32:53] [%emt 00:04:51]} Qc5 {[%clk 01:00:49] [%emt 00:04:07]}
18. a4 {[%clk 01:15:43] [%emt 00:17:40]} Rac8 {[%clk 00:53:15] [%emt 00:08:04]}
19. Be4 {[%clk 01:13:59] [%emt 00:02:15]} h6 {[%clk 00:48:36] [%emt 00:05:09]}
20. Kg2 {[%clk 01:09:59] [%emt 00:04:30]} Rfd8 {[%clk 00:47:18] [%emt 00:01:48]}
21. Rd1 {[%clk 01:02:06] [%emt 00:08:24]} a6 {[%clk 00:37:40] [%emt 00:10:08]}
22. b6 {[%clk 00:39:23] [%emt 00:23:14]} a5 {[%clk 00:23:04] [%emt 00:15:06]}
23. Bd2 {[%clk 00:14:44] [%emt 00:25:08]} Bd4 {[%clk 00:20:32] [%emt 00:03:02]}
24. Bxd5 {[%clk 00:09:32] [%emt 00:05:43]} exd5 {[%clk 00:16:36] [%emt
00:04:26]} 25. Bxa5 {[%clk 00:04:18] [%emt 00:05:44]} Bxf2 {[%clk 00:16:58]
[%emt 00:00:08]} 26. Rac1 {[%clk 00:03:08] [%emt 00:01:40]} Qxa5 {[%clk
00:17:10] [%emt 00:00:18]} 27. Rxc8 {[%clk 00:03:33] [%emt 00:00:05]} Rxc8
{[%clk 00:17:34] [%emt 00:00:06]} 28. Kxf2 {[%clk 00:03:59] [%emt 00:00:04]} Rc4
{[%clk 00:17:37] [%emt 00:00:27]} 29. Kg2 {[%clk 00:02:55] [%emt 00:01:34]} g6
{[%clk 00:06:56] [%emt 00:11:11]} 30. Qd3 {[%clk 00:00:59] [%emt 00:02:26]} Rxa4
{[%clk 00:06:38] [%emt 00:00:49]} 31. Qxd5 {[%clk 00:00:54] [%emt 00:00:35]}
Qxd5+ {[%clk 00:06:46] [%emt 00:00:22]} 32. Rxd5 {[%clk 00:01:21] [%emt
00:00:04]} Rb4 {[%clk 00:07:12] [%emt 00:00:03]} 33. Rd2 {[%clk 00:01:47] [%emt
00:00:03]} Rxb6 {[%clk 00:06:29] [%emt 00:01:14]} 34. Kf3 {[%clk 00:02:13] [%emt
00:00:04]} Rb4 {[%clk 00:00:43] [%emt 00:06:16]} 35. Ke3 {[%clk 00:02:26] [%emt
00:00:16]} f5 {[%clk 00:00:49] [%emt 00:00:24]} 36. Kd3 {[%clk 00:01:53] [%emt
00:01:04]} Kf7 {[%clk 00:01:03] [%emt 00:00:16]} 37. Kc3 {[%clk 00:01:45] [%emt
00:00:38]} Rb6 {[%clk 00:00:55] [%emt 00:00:38]} 38. Rd7+ {[%clk 00:01:01] [%emt
00:01:14]} Kf6 {[%clk 00:01:11] [%emt 00:00:14]} 39. b4 {[%clk 00:00:50] [%emt
00:00:41]} Rc6+ {[%clk 00:00:41] [%emt 00:01:00]} 40. Kd3 {[%clk 00:00:40] [%emt
00:00:39]} b6 {[%clk 00:00:49] [%emt 00:00:22]} 41. Ke3 {[%clk 00:35:30] [%emt
00:15:40]} Kg5 {[%clk 00:31:58] [%emt 00:19:20]} 42. Rd4 {[%clk 00:34:31] [%emt
00:01:30]} Rc3+ {[%clk 00:32:01] [%emt 00:00:27]} 43. Kf2 {[%clk 00:34:45] [%emt
00:00:16]} Rc2+ {[%clk 00:32:03] [%emt 00:00:29]} 44. Kg1 {[%clk 00:35:11] [%emt
00:00:04]} Rb2 {[%clk 00:32:20] [%emt 00:00:12]} 0-1

[Site "Europe Echecs"]

[Event "Grand Swiss "]
[Date "2025.09.13"]
[White "Dardha, Daniel"]
[Black "Nigmatov, Ortik"]
[WhiteElo "2624"]
[BlackElo "2488"]
[Round "8.8.45"]
[Result "1-0"]

1. e4 {[%clk 01:40:56] [%emt 00:00:03]} e5 {[%clk 01:40:50] [%emt 00:00:10]} 2.
Nf3 {[%clk 01:41:17] [%emt 00:00:09]} Nc6 {[%clk 01:41:14] [%emt 00:00:06]} 3.
Bb5 {[%clk 01:41:33] [%emt 00:00:14]} a6 {[%clk 01:41:21] [%emt 00:00:23]} 4.
Ba4 {[%clk 01:41:56] [%emt 00:00:08]} Nf6 {[%clk 01:41:39] [%emt 00:00:11]} 5.
O-O {[%clk 01:41:51] [%emt 00:00:35]} Bc5 {[%clk 01:41:49] [%emt 00:00:19]} 6.
c3 {[%clk 01:39:58] [%emt 00:02:24]} O-O {[%clk 01:41:55] [%emt 00:00:23]} 7. d3
{[%clk 01:34:14] [%emt 00:06:15]} b5 {[%clk 01:39:00] [%emt 00:03:26]} 8. Bb3
{[%clk 01:31:29] [%emt 00:03:14]} d6 {[%clk 01:38:27] [%emt 00:01:03]} 9. Bg5
{[%clk 01:24:11] [%emt 00:07:48]} h6 {[%clk 01:37:12] [%emt 00:01:44]} 10. Bh4
{[%clk 01:24:04] [%emt 00:00:37]} g5 {[%clk 01:36:47] [%emt 00:00:56]} 11. Bg3
{[%clk 01:19:01] [%emt 00:05:33]} Bg4 {[%clk 01:30:14] [%emt 00:07:03]} 12. Nbd2
{[%clk 01:15:23] [%emt 00:04:09]} Rb8 {[%clk 01:26:45] [%emt 00:03:58]} 13. h3
{[%clk 01:07:57] [%emt 00:07:55]} Bh5 {[%clk 01:25:50] [%emt 00:01:25]} 14. Qc1
{[%clk 01:02:10] [%emt 00:06:19]} Bg6 {[%clk 01:21:14] [%emt 00:05:06]} 15. Re1
{[%clk 00:55:58] [%emt 00:06:42]} Nh5 {[%clk 01:18:06] [%emt 00:03:37]} 16. Nf1
{[%clk 00:55:28] [%emt 00:00:59]} Ba7 {[%clk 00:57:34] [%emt 00:21:02]} 17. Ne3
{[%clk 00:48:54] [%emt 00:07:06]} Kh7 {[%clk 00:55:13] [%emt 00:02:49]} 18. Bh2
{[%clk 00:40:33] [%emt 00:08:52]} Nf4 {[%clk 00:51:47] [%emt 00:03:56]} 19. Qd2
{[%clk 00:37:40] [%emt 00:03:23]} Qf6 {[%clk 00:46:56] [%emt 00:05:21]} 20. Bxf4
{[%clk 00:34:02] [%emt 00:04:08]} gxf4 {[%clk 00:46:39] [%emt 00:00:47]} 21. Nd5
{[%clk 00:34:28] [%emt 00:00:04]} Qg7 {[%clk 00:45:44] [%emt 00:01:24]} 22. Nh4
{[%clk 00:32:43] [%emt 00:02:15]} Rg8 {[%clk 00:28:07] [%emt 00:18:07]} 23. Bd1
{[%clk 00:31:25] [%emt 00:01:49]} Bxe4 {[%clk 00:25:19] [%emt 00:03:18]} 24.
Rxe4 {[%clk 00:25:01] [%emt 00:06:54]} Qg5 {[%clk 00:20:56] [%emt 00:04:52]} 25.
Nxf4 {[%clk 00:22:30] [%emt 00:03:01]} f5 {[%clk 00:17:56] [%emt 00:03:31]} 26.
Nxf5 {[%clk 00:18:22] [%emt 00:04:38]} exf4 {[%clk 00:16:33] [%emt 00:01:53]}
27. Bg4 {[%clk 00:18:34] [%emt 00:00:18]} Ne5 {[%clk 00:11:21] [%emt 00:05:42]}
28. d4 {[%clk 00:08:56] [%emt 00:10:08]} Nxg4 {[%clk 00:07:02] [%emt 00:04:50]}
29. Qxf4 {[%clk 00:04:31] [%emt 00:04:55]} Ne5 {[%clk 00:04:23] [%emt 00:03:09]}
30. Qxg5 {[%clk 00:02:51] [%emt 00:02:09]} Rxg5 {[%clk 00:04:52] [%emt
00:00:01]} 31. g4 {[%clk 00:02:31] [%emt 00:00:51]} Nc6 {[%clk 00:02:34] [%emt
00:02:48]} 32. Rae1 {[%clk 00:02:04] [%emt 00:00:56]} Rf8 {[%clk 00:02:48] [%emt
00:00:16]} 33. f4 {[%clk 00:01:46] [%emt 00:00:48]} Rg6 {[%clk 00:02:45] [%emt
00:00:33]} 34. Kf2 {[%clk 00:02:05] [%emt 00:00:10]} b4 {[%clk 00:02:25] [%emt
00:00:50]} 35. Re8 {[%clk 00:01:52] [%emt 00:00:43]} Rxe8 {[%clk 00:00:43] [%emt
00:02:12]} 36. Rxe8 {[%clk 00:02:17] [%emt 00:00:05]} bxc3 {[%clk 00:01:09]
[%emt 00:00:03]} 37. bxc3 {[%clk 00:02:39] [%emt 00:00:09]} Rf6 {[%clk 00:00:42]
[%emt 00:00:57]} 38. Kf3 {[%clk 00:02:33] [%emt 00:00:36]} Bb6 {[%clk 00:00:46]
[%emt 00:00:26]} 39. Ke4 {[%clk 00:01:26] [%emt 00:01:37]} Rf7 {[%clk 00:00:38]
[%emt 00:00:37]} 40. Kd5 {[%clk 00:00:49] [%emt 00:01:07]} Nd8 {[%clk 00:00:41]
[%emt 00:00:28]} 41. Rxd8 {[%clk 00:44:29] [%emt 00:06:49]} Rxf5+ {[%clk
00:36:08] [%emt 00:15:03]} 42. gxf5 {[%clk 00:44:54] [%emt 00:00:06]} c6+ {[%clk
00:36:33] [%emt 00:00:05]} 43. Kxd6 {[%clk 00:44:16] [%emt 00:01:08]} Bxd8
{[%clk 00:36:50] [%emt 00:00:13]} 44. Kxc6 {[%clk 00:44:41] [%emt 00:00:05]} Kg7
{[%clk 00:35:42] [%emt 00:01:37]} 45. c4 {[%clk 00:44:39] [%emt 00:00:33]} Kf6
{[%clk 00:35:28] [%emt 00:00:44]} 46. Kd7 {[%clk 00:44:45] [%emt 00:00:24]} Ba5
{[%clk 00:35:41] [%emt 00:00:16]} 47. c5 {[%clk 00:44:49] [%emt 00:00:26]} Kxf5
{[%clk 00:36:05] [%emt 00:00:06]} 48. d5 {[%clk 00:44:48] [%emt 00:00:31]} 1-0

[Site "Europe Echecs"]

[Event "Grand Swiss "]
[Date "2025.09.13"]
[White "Sarana, Alexey"]
[Black "Donchenko, Alexander"]
[WhiteElo "2686"]
[BlackElo "2624"]
[Round "8.8.46"]
[Result "1/2-1/2"]

1. d4 {[%clk 01:40:57] [%emt 00:00:01]} Nf6 {[%clk 01:40:48] [%emt 00:00:12]} 2.
c4 {[%clk 01:41:22] [%emt 00:00:06]} g6 {[%clk 01:41:08] [%emt 00:00:10]} 3. Nc3
{[%clk 01:41:37] [%emt 00:00:14]} d5 {[%clk 01:41:31] [%emt 00:00:08]} 4. cxd5
{[%clk 01:36:26] [%emt 00:05:42]} Nxd5 {[%clk 01:41:53] [%emt 00:00:08]} 5. e4
{[%clk 01:36:52] [%emt 00:00:03]} Nxc3 {[%clk 01:42:15] [%emt 00:00:09]} 6. bxc3
{[%clk 01:37:20] [%emt 00:00:03]} Bg7 {[%clk 01:42:36] [%emt 00:00:08]} 7. Qa4+
{[%clk 01:37:31] [%emt 00:00:19]} Nd7 {[%clk 01:40:57] [%emt 00:02:10]} 8. Nf3
{[%clk 01:37:54] [%emt 00:00:06]} O-O {[%clk 01:40:41] [%emt 00:00:46]} 9. Be2
{[%clk 01:37:28] [%emt 00:00:57]} Nb6 {[%clk 01:39:08] [%emt 00:02:04]} 10. Qa5
{[%clk 01:28:10] [%emt 00:09:47]} Bg4 {[%clk 01:29:03] [%emt 00:10:36]} 11. O-O
{[%clk 01:27:13] [%emt 00:01:26]} e5 {[%clk 01:23:49] [%emt 00:05:44]} 12. dxe5
{[%clk 01:22:23] [%emt 00:05:21]} Re8 {[%clk 01:19:55] [%emt 00:04:24]} 13. Rd1
{[%clk 01:19:45] [%emt 00:03:07]} Qc8 {[%clk 01:16:07] [%emt 00:04:19]} 14. Bf4
{[%clk 01:18:37] [%emt 00:01:38]} Bxf3 {[%clk 01:00:41] [%emt 00:15:56]} 15.
gxf3 {[%clk 01:16:16] [%emt 00:02:50]} c5 {[%clk 00:53:39] [%emt 00:07:32]} 16.
Bg3 {[%clk 01:05:39] [%emt 00:11:07]} Bxe5 {[%clk 00:50:09] [%emt 00:04:01]} 17.
Rab1 {[%clk 00:48:37] [%emt 00:17:33]} h5 {[%clk 00:47:03] [%emt 00:03:36]} 18.
Kg2 {[%clk 00:45:38] [%emt 00:03:29]} Re6 {[%clk 00:36:01] [%emt 00:11:32]} 19.
Rd2 {[%clk 00:34:37] [%emt 00:11:31]} Qf8 {[%clk 00:24:11] [%emt 00:12:20]} 20.
Rbd1 {[%clk 00:30:23] [%emt 00:04:43]} Qe7 {[%clk 00:23:18] [%emt 00:01:23]} 21.
h4 {[%clk 00:28:35] [%emt 00:02:18]} g5 {[%clk 00:16:53] [%emt 00:06:55]} 22.
hxg5 {[%clk 00:16:39] [%emt 00:12:26]} Rg6 {[%clk 00:15:44] [%emt 00:01:39]} 23.
f4 {[%clk 00:10:31] [%emt 00:06:38]} Bxf4 {[%clk 00:09:24] [%emt 00:06:50]} 24.
Bxf4 {[%clk 00:10:57] [%emt 00:00:04]} Qxe4+ {[%clk 00:09:49] [%emt 00:00:05]}
25. Kg3 {[%clk 00:11:06] [%emt 00:00:20]} h4+ {[%clk 00:09:25] [%emt 00:00:54]}
26. Kh3 {[%clk 00:03:39] [%emt 00:07:57]} Qf5+ {[%clk 00:04:16] [%emt 00:05:40]}
27. Bg4 {[%clk 00:04:00] [%emt 00:00:08]} Qxf4 {[%clk 00:04:43] [%emt 00:00:03]}
28. Qxc5 {[%clk 00:03:03] [%emt 00:01:27]} Rxg5 {[%clk 00:04:25] [%emt
00:00:48]} 29. Rd8+ {[%clk 00:03:22] [%emt 00:00:10]} Rxd8 {[%clk 00:02:25]
[%emt 00:02:31]} 30. Rxd8+ {[%clk 00:03:51] [%emt 00:00:02]} Kh7 {[%clk
00:02:50] [%emt 00:00:04]} 31. Qd4 {[%clk 00:04:09] [%emt 00:00:12]} Qxd4 {[%clk
00:02:24] [%emt 00:00:57]} 32. cxd4 {[%clk 00:04:33] [%emt 00:00:05]} Ra5 {[%clk
00:02:29] [%emt 00:00:25]} 33. Rb8 {[%clk 00:04:46] [%emt 00:00:16]} Rxa2 {[%clk
00:01:37] [%emt 00:01:23]} 34. Rxb7 {[%clk 00:05:02] [%emt 00:00:14]} Kg6 {[%clk
00:00:55] [%emt 00:01:12]} 35. Kxh4 {[%clk 00:04:48] [%emt 00:00:43]} Rxf2
{[%clk 00:00:44] [%emt 00:00:41]} 36. Rxa7 {[%clk 00:05:06] [%emt 00:00:13]}
1/2-1/2

[Site "Europe Echecs"]